| 000 | 00799nam a22002417a 4500 | ||
|---|---|---|---|
| 003 | OSt | ||
| 005 | 20220304093423.0 | ||
| 008 | 2020b2012 dr ||| 00| 0 spa d | ||
| 020 | _a9789945617993 | ||
| 040 |
_aDO-SdBNP _bspa _cBPMSU |
||
| 082 | 4 |
_aRD863.44 _bD948v 2020 _222 |
|
| 100 | 1 | _aDurán Ureña, Miguelángel | |
| 245 | 1 | 4 |
_aLos versos de Yermao / _cMiguelángel Durán Ureña |
| 260 |
_aSanto Domingo : _bBúho, _c2020 |
||
| 300 |
_a367 p. ; _c24 cm |
||
| 500 | _aIncluye datos biográficos del autor en la solapa de la cubierta | ||
| 505 | 0 | _aLa creación del Boío -- Apolipsis -- Sentencia y muerte de la reina Anacaona -- Boyá. | |
| 590 | _aInventariado, 2021 /VM | ||
| 650 | 4 | _aNovela histórica dominicana | |
| 650 | 4 | _aLiteratura dominicana | |
| 910 | _aVMateo V. | ||
| 942 |
_2ddc _cBK |
||
| 999 |
_c13671 _d13671 |
||